000 00554nam a2200205Ii 4500
001 12942
003 CO-ViMGA
008 241108s9999||||xx |||||||||||||| ||und||
040 _aCO-ViMGA
_bspa
_erda
_cCO-ViMGA
041 0 _aspa
082 0 4 _a618.89 S58p
100 1 _aI. F. Sluchevski
_947984
245 1 0 _aPsiquiatria
264 1 _aMéxico : Grijaldo, 1963
300 _avolumen
336 _atext
_btxt
_2rdacontent
337 _aunmediated
_bn
_2rdamedia
338 _avolume
_bnc
_2rdacarrier
940 _aidficha_siabuc: 12649. -- ficha_no_siabuc:12942
999 _c42620
_d42620